000 00215 a2200097 4500
001 49328
100 _aHampelen
245 _aModern Stories
260 _aLondon
_bThomas Nelson & Sons Ltd
_c
090 _c31878
_d31878
942 _aNUST-CAE
_cM
_c24311
999 _c284401
_d284401